000 00661nam a2200193Ia 4500
003 GCL
008 140319s9999 xx 000 0 ara d
040 _aGCL /
_cGCL
082 0 4 _a940.18
_bم ت
100 1 _aمحمود سعيد عمران
245 1 0 _aتاريخ الحروب الصليبة 1095 - 1291 م /
_cمحمود سعيد عمران
260 _aالقاهرة :
_bدار المعرفة الجامعية ،
_c1990
300 _a387 ص ؛
_c24 سم
490 _a100 قصة
_v0
650 0 4 _aالحروب الصليبية
650 0 4 _aالتاريخ الاسلامى
650 0 4 _aالحملة الصليبية الاولى
942 _2ddc
_cBK
999 _c45311
_d45311